000 00532nam a22002057a 4500
003 OSt
005 20140310182922.0
008 130129t xxu||||| |||| 00| 0 eng d
020 _a9710806734
050 _aLB 1131
_b.L869 1985
082 _aFIL 153.9
_bL88 1985
245 _aBrain blitz : IQ series
_cLorenzo, J. Ramon S.
260 _aManila:
_bNational Book Store,
_cc1985
300 _ax, 117p. :
_c18 cm.
521 _aCollege
526 _c1210L-1700L
541 _j1
562 _e1
942 _2lcc
_cBK
_kFIL
999 _c17358
_d17358